মানুষ ও শিল্পী বিদ্যাসাগর / (Record no. 64291)
[ view plain ]
| 000 -LEADER | |
|---|---|
| fixed length control field | 00910nam a2200217 a 4500 |
| 001 - CONTROL NUMBER | |
| control field | 64291 |
| 003 - CONTROL NUMBER IDENTIFIER | |
| rucl marc code | BD-RjUL |
| 005 - DATE AND TIME OF LATEST TRANSACTION | |
| control field | 20211209081306.0 |
| 008 - FIXED-LENGTH DATA ELEMENTS--GENERAL INFORMATION | |
| fixed length control field | 170213s1982 bg ||||| |||| 00| 0 eng d |
| 035 ## - SYSTEM CONTROL NUMBER | |
| System control number | (BD-RjUL)64421 |
| 040 ## - CATALOGING SOURCE | |
| Original cataloging agency | BD-RjUL |
| Language of cataloging | ben |
| Transcribing agency | BD-RjUL |
| 041 ## - LANGUAGE CODE | |
| Language code of text/sound track or separate title | ben |
| 082 ## - DEWEY DECIMAL CLASSIFICATION NUMBER | |
| Edition number | 23 |
| Classification number | 891.44092 |
| Author mark and year | AHM 1982 |
| 100 1# - MAIN ENTRY--PERSONAL NAME | |
| Personal name | আহমদ, সফিউদ্দিন |
| 9 (RLIN) | 188557 |
| 245 ## - TITLE STATEMENT | |
| Title | মানুষ ও শিল্পী বিদ্যাসাগর / |
| Statement of responsibility, etc. | সফিউদ্দিন আহমদ |
| 260 ## - PUBLICATION, DISTRIBUTION, ETC. (IMPRINT) | |
| Place of publication, distribution, etc. | ঢাকা : |
| Name of publisher, distributor, etc. | নওরোজ কিতাবিস্তান, |
| Date of publication, distribution, etc. | ১৯৮২ [১৩৮৯] |
| 300 ## - PHYSICAL DESCRIPTION | |
| Pagination | ৩৬০ পৃ. ; |
| Size | ২১ সেমি. |
| 600 ## - SUBJECT ADDED ENTRY--PERSONAL NAME | |
| Personal name | বিদ্যাসাগর, ঈশ্বরচন্দ্র |
| Dates associated with a name | ১৮২০-১৮৯১ |
| Fuller form of name | জীবনী |
| Personal name | Bidyāsāgara, Īśwaracandra, |
| Dates associated with a name | 1820-1891 |
| Fuller form of name | Biography |
| 942 ## - ADDED ENTRY ELEMENTS (KOHA) | |
| Source of classification or shelving scheme | Dewey Decimal Classification |
| Koha item type | Books |
| Lost status | Source of classification or shelving scheme | Damaged status | Not for loan | Collection code | Permanent Location | Current Location | Shelving location | Date acquired | Source of acquisition | Cost, normal purchase price | Total Checkouts | Full call number | Date last seen | Copy number | Koha item type |
|---|---|---|---|---|---|---|---|---|---|---|---|---|---|---|---|
| Dewey Decimal Classification | Not For Loan | Non-fiction | Central Library, University of Rajshahi | Central Library, University of Rajshahi | Reading Room | 08/04/1984 | books and periodical, Dhaka | 50.00 | B 891.44092 AHM 1982 | 13/02/2017 | C-1 | Books |